[Event "Dhaka Walton op"]
[Site "Dhaka"]
[Date "2022.04.04"]
[Round "1"]
[White "Md Jamal, Uddin"]
[Black "Amirul, Islam"]
[Result "0-1"]
[WhiteElo "2106"]
[BlackElo "1886"]
[PlyCount "56"]
[EventDate "2022.04.04"]
[EventType "swiss"]
[EventRounds "9"]
[EventCountry "BAN"]
[SourceTitle "CBM 207 Extra"]
[Source "ChessBase"]
[SourceDate "2022.05.31"]
[SourceVersion "1"]
[SourceVersionDate "2022.05.31"]
[SourceQuality "1"]

1. d4 Nf6 2. c4 e6 3. a3 d5 4. Nf3 dxc4 5. e3 c6 6. Bxc4 Bd6 7. Nc3 a5 8. e4 Be7 9. e5 Nd5 10. Ne4 h6 11. 0-0 b6 12. Qc2 Ba6 13. b3 0-0 14. Rd1 Re8 15. h3 Qc8 16. Qe2 Nd7 17. Bd2 Bb7 18. Rdc1 Qd8 19. Bd3 Nf8 20. Nh2 Rc8 21. Qg4 Kh8 22. Qh5 Ng6 23. Bb1 Rf8 24. Rd1 Ndf4 25. Qg4 Nd5 26. Nf1 c5 27. dxc5 Bxc5 28. Nfg3 Qe7 0-1